The second round / (Record no. 7041)
[ view plain ]
| 000 -LEADER | |
|---|---|
| fixed length control field | 00748cam a2200265 a 4500 |
| 001 - CONTROL NUMBER | |
| JCCL Control Number | 7041 |
| 003 - CONTROL NUMBER IDENTIFIER | |
| JCCL marc code | BD-JhCC |
| 005 - DATE AND TIME OF LATEST TRANSACTION | |
| control field | 20180224131251.0 |
| 008 - FIXED-LENGTH DATA ELEMENTS--GENERAL INFORMATION | |
| fixed length control field | 860916t19661965enk 000 1 eng c |
| 020 ## - INTERNATIONAL STANDARD BOOK NUMBER | |
| International Standard Book Number | 0435900226 (pbk.) |
| 035 ## - SYSTEM CONTROL NUMBER | |
| system control number | (BD-JhCC)7041 |
| 040 ## - CATALOGING SOURCE | |
| Original cataloging agency | MH |
| Transcribing agency | MH |
| Modifying agency | DLC |
| 041 ## - LANGUAGE CODE | |
| Language code of Book | eng |
| 050 14 - LIBRARY OF CONGRESS CALL NUMBER | |
| Classification number | PR9378.9.P46 |
| Item number | S4x 1979 |
| 082 ## - DEWEY DECIMAL CLASSIFICATION NUMBER | |
| Author mark and Year | PET 1965 |
| Classification number | 821.914 |
| 100 1# - MAIN ENTRY--PERSONAL NAME | |
| Personal name | Peters, Lenrie, |
| Dates associated with a name | 1932-2009. |
| 245 14 - TITLE STATEMENT | |
| Title | The second round / |
| Statement of responsibility, etc | Lenrie Peters. |
| 260 ## - PUBLICATION, DISTRIBUTION, ETC. (IMPRINT) | |
| Place of publication, distribution, etc | London : |
| Name of publisher, distributor, etc | Heinemann Educational, |
| Date of publication, distribution, etc | 1966, c1965 |
| Date of manufacture | (1979 printing) |
| 300 ## - PHYSICAL DESCRIPTION | |
| Pagination | xi, 193 p. ; |
| Dimensions | 19 cm. |
| 440 #0 - | |
| Title | African writers series ; |
| Volume number/sequential designation | 22 |
| 500 ## - GENERAL NOTE | |
| General note | "An H.E.B. paperback"--P. [4] of cover. |
| 651 #0 - SUBJECT ADDED ENTRY--GEOGRAPHIC NAME | |
| Geographic name | Africa |
| Form subdivision | Poetry. |
| 942 ## - ADDED ENTRY ELEMENTS (KOHA) | |
| Source of classification or shelving scheme | Dewey Decimal Classification |
| Koha item type | Books |
| Source of classification or shelving scheme | Damaged status | Not for loan | Home library | Current library | Shelving location | Date of accession | Total Checkouts | Full call number | Barcode | Date last seen | Copy number | Koha item type |
|---|---|---|---|---|---|---|---|---|---|---|---|---|
| Dewey Decimal Classification | JCC Rouf Library | JCC Rouf Library | General Stacks | 02/04/2018 | 821.914 PET 1965 | 9529 | 02/04/2018 | C -1 | Books |